MMA Lineal Title - Statistics

General Stats
  • This quiz has been taken 108 times
    102 since last reset
  • The average score is 12 of 51
Answer Stats
Answer % Correct
Royce Gracie
86%
Francis Ngannou
60%
Ken Shamrock
60%
Stipe Miocic
58%
Daniel Cormier
57%
Ciryl Gane
51%
Brock Lesnar
50%
Cain Velasquez
50%
Mark Coleman
50%
Junior dos Santos
49%
Alistair Overeem
48%
Fabrício Werdum
48%
Antônio Silva
45%
Derrick Lewis
45%
Kevin Randleman
40%
Dan Severn
32%
Renan Ferreira
31%
Andrei Arlovski
30%
Fedor Emelianenko
30%
Tim Sylvia
30%
Antônio Rodrigo Nogueira
29%
Mirko Filipović
29%
Patrick Smith
27%
Kazushi Sakuraba
26%
Mark Hunt
23%
Dan Henderson
14%
Gerard Gordeau
13%
Bob Sapp
10%
Heath Herring
8%
Igor Vovchanchyn
8%
Hong Man Choi
7%
Kimo Leopoldo
7%
Gary Goodridge
6%
Kazuyuki Fujita
6%
Keith Hackney
5%
Minoki Ichihara
5%
Nobuhiko Takada
5%
Ron Van Clief
5%
Semmy Schilt
5%
Enson Inoue
4%
Jason DeLucia
4%
Naoya Ogawa
4%
Brett Rogers
2%
Remco Pardoel
2%
Yuji Nagata
2%
Zuluzinho
2%
Allan Goes
1%
Egidijus Valavicius
1%
Matt Lindland
1%
Sanae Kikuta
1%
Tsuyoshi Kosaka
1%
No matching quizzes found
Score Distribution
Percent of People with Each Score
Percentile by Number Answered
Your Score History
You have not taken this quiz since the last reset